<?xml version="1.0" encoding="UTF-8"?>
<record
    xmlns:xsi="http://www.w3.org/2001/XMLSchema-instance"
    xsi:schemaLocation="http://www.loc.gov/MARC21/slim http://www.loc.gov/standards/marcxml/schema/MARC21slim.xsd"
    xmlns="http://www.loc.gov/MARC21/slim">

  <leader>01334cam a2200301 i 4500</leader>
  <controlfield tag="003">SA-RiAUC</controlfield>
  <controlfield tag="005">20250430082026.0</controlfield>
  <controlfield tag="008">250429s2008____le ab  g b    000 0 ara c</controlfield>
  <datafield tag="020" ind1=" " ind2=" ">
    <subfield code="a">9953753601</subfield>
  </datafield>
  <datafield tag="040" ind1=" " ind2=" ">
    <subfield code="a">SA-RiKAPL</subfield>
    <subfield code="b">ara</subfield>
    <subfield code="c">SA-RiAUC</subfield>
    <subfield code="e">rda</subfield>
  </datafield>
  <datafield tag="043" ind1=" " ind2=" ">
    <subfield code="a">a-su---</subfield>
  </datafield>
  <datafield tag="082" ind1="0" ind2="4">
    <subfield code="a">915.312</subfield>
  </datafield>
  <datafield tag="090" ind1=" " ind2=" ">
    <subfield code="a">915.312</subfield>
    <subfield code="b">&#x631; &#x62C; &#x628;</subfield>
  </datafield>
  <datafield tag="100" ind1="1" ind2=" ">
    <subfield code="a">&#x631;&#x62C;&#x628;&#x60C; &#x639;&#x645;&#x631; &#x627;&#x644;&#x641;&#x627;&#x631;&#x648;&#x642; &#x627;&#x644;&#x633;&#x64A;&#x62F;</subfield>
    <subfield code="e">&#x645;&#x624;&#x644;&#x641;.</subfield>
  </datafield>
  <datafield tag="245" ind1="1" ind2="2">
    <subfield code="a">&#x627;&#x644;&#x62D;&#x62C;&#x627;&#x632; :</subfield>
    <subfield code="b">&#x627;&#x644;&#x645;&#x646;&#x637;&#x642;&#x629; &#x627;&#x644;&#x63A;&#x631;&#x628;&#x64A;&#x629; &#x645;&#x646; &#x627;&#x644;&#x645;&#x645;&#x644;&#x643;&#x629; &#x627;&#x644;&#x639;&#x631;&#x628;&#x64A;&#x629; &#x627;&#x644;&#x633;&#x639;&#x648;&#x62F;&#x64A;&#x629; : &#x623;&#x631;&#x636;&#x647; &#x648;&#x633;&#x643;&#x627;&#x646;&#x647;&#x60C; &#x62F;&#x631;&#x633;&#x627;&#x62A; &#x625;&#x64A;&#x643;&#x648;&#x644;&#x648;&#x62C;&#x64A;&#x629; /</subfield>
    <subfield code="c">&#x639;&#x645;&#x631; &#x627;&#x644;&#x641;&#x627;&#x631;&#x648;&#x642; &#x627;&#x644;&#x633;&#x64A;&#x62F; &#x631;&#x62C;&#x628;.</subfield>
  </datafield>
  <datafield tag="264" ind1=" " ind2="1">
    <subfield code="a">&#x628;&#x64A;&#x631;&#x648;&#x62A; :</subfield>
    <subfield code="a">&#x62C;&#x62F;&#x629;&#x60C; &#x627;&#x644;&#x633;&#x639;&#x648;&#x62F;&#x64A;&#x629; :</subfield>
    <subfield code="b">&#x62F;&#x627;&#x631; &#x648;&#x645;&#x643;&#x62A;&#x628;&#x629; &#x627;&#x644;&#x647;&#x644;&#x627;&#x644; &#x61B;</subfield>
    <subfield code="b">&#x62F;&#x627;&#x631; &#x627;&#x644;&#x634;&#x631;&#x648;&#x642;&#x60C;</subfield>
    <subfield code="c">2008</subfield>
  </datafield>
  <datafield tag="300" ind1=" " ind2=" ">
    <subfield code="a">384 &#x635;&#x641;&#x62D;&#x629; :</subfield>
    <subfield code="b">&#x62E;&#x631;&#x627;&#x626;&#x637;&#x60C; &#x631;&#x633;&#x648;&#x645; &#x61B;</subfield>
    <subfield code="c">24 &#x633;&#x645;.</subfield>
  </datafield>
  <datafield tag="336" ind1=" " ind2=" ">
    <subfield code="a">&#x646;&#x635;</subfield>
    <subfield code="b">txt</subfield>
    <subfield code="2">rdacontent</subfield>
    <subfield code="3">&#x643;&#x62A;&#x627;&#x628;</subfield>
  </datafield>
  <datafield tag="337" ind1=" " ind2=" ">
    <subfield code="a">&#x628;&#x62F;&#x648;&#x646; &#x648;&#x633;&#x64A;&#x637;</subfield>
    <subfield code="b">n</subfield>
    <subfield code="2">rdamedia</subfield>
  </datafield>
  <datafield tag="338" ind1=" " ind2=" ">
    <subfield code="a">&#x645;&#x62C;&#x644;&#x62F;</subfield>
    <subfield code="b">nc</subfield>
    <subfield code="2">rdacarrier</subfield>
  </datafield>
  <datafield tag="490" ind1="1" ind2=" ">
    <subfield code="a">&#x627;&#x644;&#x645;&#x643;&#x62A;&#x628;&#x629; &#x627;&#x644;&#x62C;&#x627;&#x645;&#x639;&#x64A;&#x629;</subfield>
  </datafield>
  <datafield tag="504" ind1=" " ind2=" ">
    <subfield code="a">&#x628;&#x628;&#x644;&#x64A;&#x648;&#x62C;&#x631;&#x627;&#x641;&#x64A;&#x629; : &#x635;&#x641;&#x62D;&#x629; 367-384.</subfield>
  </datafield>
  <datafield tag="651" ind1=" " ind2="7">
    <subfield code="a">&#x627;&#x644;&#x62D;&#x62C;&#x627;&#x632; (&#x627;&#x644;&#x633;&#x639;&#x648;&#x62F;&#x64A;&#x629;)</subfield>
    <subfield code="x">&#x62C;&#x63A;&#x631;&#x627;&#x641;&#x64A;&#x627;</subfield>
    <subfield code="2">aucsh</subfield>
  </datafield>
  <datafield tag="651" ind1=" " ind2="7">
    <subfield code="a">&#x627;&#x644;&#x62D;&#x62C;&#x627;&#x632; (&#x627;&#x644;&#x633;&#x639;&#x648;&#x62F;&#x64A;&#x629;)</subfield>
    <subfield code="x">&#x627;&#x644;&#x633;&#x643;&#x627;&#x646;</subfield>
    <subfield code="2">aucsh</subfield>
  </datafield>
  <datafield tag="830" ind1=" " ind2="2">
    <subfield code="a">&#x627;&#x644;&#x645;&#x643;&#x62A;&#x628;&#x629; &#x627;&#x644;&#x62C;&#x627;&#x645;&#x639;&#x64A;&#x629; (&#x62F;&#x627;&#x631; &#x648;&#x645;&#x643;&#x62A;&#x628;&#x629; &#x627;&#x644;&#x647;&#x644;&#x627;&#x644;)</subfield>
  </datafield>
  <datafield tag="942" ind1=" " ind2=" ">
    <subfield code="2">ddc</subfield>
    <subfield code="c">BOOK</subfield>
    <subfield code="n">0</subfield>
  </datafield>
  <datafield tag="949" ind1=" " ind2=" ">
    <subfield code="a">SA-JeALM</subfield>
    <subfield code="d">250429</subfield>
    <subfield code="u">mohamedma123</subfield>
    <subfield code="n">1</subfield>
  </datafield>
  <datafield tag="952" ind1=" " ind2=" ">
    <subfield code="0">0</subfield>
    <subfield code="1">0</subfield>
    <subfield code="2">ddc</subfield>
    <subfield code="4">0</subfield>
    <subfield code="7">0</subfield>
    <subfield code="a">WAHAB</subfield>
    <subfield code="b">WAHAB</subfield>
    <subfield code="d">2025-04-30</subfield>
    <subfield code="l">0</subfield>
    <subfield code="o">915.312 &#x631; &#x62C; &#x628;</subfield>
    <subfield code="p">000012496</subfield>
    <subfield code="r">2025-04-30 08:21:07</subfield>
    <subfield code="w">2025-04-30</subfield>
    <subfield code="y">BOOK</subfield>
  </datafield>
  <datafield tag="999" ind1=" " ind2=" ">
    <subfield code="c">7477</subfield>
    <subfield code="d">7477</subfield>
  </datafield>
</record>
